00390cam a2200157 450000500170000002000220001708200120003910000170005124500220006825000120009026000290010230000180013150500380014965000240018765000210021120251110150746.0 a0582442214 (v. 1) a547 FIN1 aFinar, I. L.00aOrganic Chemistry a6th ed. aLondon:bLongman,c1973- av.962billus.1 av. 1. The fundamental principles. 0aChemistry, Organic. 7aQuimica Organica